[Event "SU Annen (ch)"]
[Site "?"]
[Date "2024.11.20"]
[Round "6"]
[White "Köhler, Frank"]
[Black "Stergar, Lothar"]
[Result "1-0"]
[WhiteElo "1729"]
[BlackElo "1515"]
[PlyCount "63"]
[EventDate "2024.08.30"]
[EventType "swiss"]
[EventRounds "7"]
[EventCountry "GER"]
[SourceDate "2024.01.12"]

1. c4 Nf6 2. g3 g6 3. Bg2 Bg7 4. Nc3 O-O 5. e4 d6 6. Nge2 e5 7. O-O Nbd7 8. d3
Nc5 9. b4 Ne6 10. Bd2 c6 11. h3 {#} a5 (11... Nh5 12. f4 exf4 13. gxf4 Nd4 14.
Nxd4 Bxd4+ 15. Kh2 Qh4 16. Qe1 Qe7 17. Rc1 f5 18. Bf3 Ng7 19. b5 Bd7 20. bxc6
bxc6 21. Ne2 Bf6 22. c5 dxc5 23. e5 Bh4 24. Qd1 Ne6 25. Qc2 Kh8 26. Be3 Rab8
27. Rb1 h6 28. Qa4 Kh7 29. Bxc6 Bxc6 30. Qxc6 Rfc8 31. Qa6 Qd7 32. Rfd1 Bd8 33.
Qc4 Bb6 34. Nc3 Nd4 35. Nb5 Nxb5 36. Rxb5 Qe7 37. a4 a6 38. Rb3 g5 39. Rdb1
gxf4 40. Qxf4 Qe6 41. Rxb6 Rxb6 42. Rxb6 Qxb6 43. Qxf5+ Kg7 44. Qd7+ Kg6 45.
Qxc8 Qb2+ 46. Kh1 Qb1+ 47. Bg1 Qxd3 48. Qe6+ Kh7 49. Qf7+ Kh8 50. e6 Qe4+ 51.
Kh2 Qe5+ 52. Kg2 Qe4+ 53. Kg3 Qe5+ 54. Kf3 Qd5+ 55. Kf4 Qg5+ 56. Ke4 Qxg1 57.
Qf6+ Kh7 58. e7 Qh1+ 59. Ke5 Qa1+ 60. Ke6 Qa2+ 61. Kd6 Qh2+ 62. Kc6 Qh1+ 63.
Kc7 Qh2+ 64. Qd6 Qe2 65. Kd8 Qe4 66. e8=Q Qa8+ 67. Ke7 Qe4+ 68. Qe6 Qh4+ 69.
Kd7 Qxa4+ 70. Kc7 Qf4+ 71. Qd6 Qxd6+ 72. Kxd6 {1-0 Gorjunov,S (2087)-Safronov,
K (1932), St. Petersburg 2011}) 12. a3 Bd7 13. Be3 axb4 14. axb4 Rxa1 15. Qxa1
Qa8 16. Qb2 Qc8 17. Kh2 Re8 18. Na4 c5 19. Nb6 Qc7 20. Nxd7 Nxd7 21. Ra1 Nd4
22. Nxd4 exd4 23. Bf4 Ne5 24. Bxe5 Bxe5 25. bxc5 dxc5 26. Ra7 Re7 27. f4 Qb8
28. Qa2 Bxf4 29. Ra8 Bxg3+ 30. Kg1 Re8 31. Rxb8 Rxb8 32. Qb2 1-0

[Event "SU Annen (ch)"]
[Site "?"]
[Date "2024.11.15"]
[Round "6"]
[White "Helbig, Dieter"]
[Black "Zimmermann, Kolya"]
[Result "1-0"]
[WhiteElo "1483"]
[BlackElo "1350"]
[PlyCount "89"]
[EventDate "2024.08.30"]
[EventType "swiss"]
[EventRounds "7"]
[EventCountry "GER"]
[SourceDate "2024.01.12"]

1. Nf3 b6 2. g3 Bb7 3. Bg2 Nf6 4. d4 d5 5. Bf4 e6 6. Nc3 {#} c5 (6... Nc6 7. a3
Bd6 8. Ne5 Nxe5 9. dxe5 g5 10. exd6 gxf4 11. O-O Qxd6 12. Qd3 fxg3 13. fxg3 Nd7
14. Qd4 Qe5 15. Qg4 O-O-O 16. Qf3 f5 17. Rad1 Nf6 18. Rd3 Rd6 19. Nb5 Rdd8 20.
c3 Rhg8 21. Nxa7+ Kb8 22. Nb5 Ba6 23. a4 c6 24. Re3 Ne4 25. Qh5 Qg7 26. Nd4 Nf6
27. Qh4 Rde8 28. Nxc6+ Kc7 29. Ne5 Qg5 30. Rf4 Qg7 31. Bh3 Ne4 32. g4 fxg4 33.
Nxg4 e5 34. Rf5 Qg6 35. Ref3 Bxe2 36. Kh1 Bxf3+ 37. Rxf3 Nd2 38. Rf2 Nc4 39. b4
e4 40. Rg2 Qc6 41. a5 Rg7 42. Nf6 Rd8 43. Rxg7+ Kb8 44. Nxe4 dxe4 45. Qxd8+ Qc8
46. Qxc8# {1-0 Tortoza,C (1677)-Bonow,V (2003), email 2012}) (6... Bd6 7. Qd2 (
7. Ne5 a6 {0-1 Vergeest,L (1850)-Dobrei,G (2217), Chessfriend.com 2004}) 7...
O-O 8. O-O-O Ne4 9. Qe3 Nxc3 10. Qxc3 Bxf4+ 11. gxf4 Nd7 12. Rhg1 c5 13. Qd3
cxd4 14. Nxd4 Qf6 15. Qg3 a5 16. Bh3 Nc5 17. Qg5 Qxg5 18. Rxg5 Ne4 19. Rg2 Nd6
20. Rdg1 g6 21. a4 {0-1 Knight,G-Wallace,W, email 1998}) (6... Nbd7 7. Nb5 e5
8. dxe5 Nh5 9. e6 Nxf4 10. exd7+ Qxd7 11. Nxc7+ Qxc7 12. gxf4 Qxf4 13. O-O Bc5
14. e3 Qd6 15. Qd3 O-O 16. Rfd1 Rae8 17. Ng5 f5 18. Bxd5+ Bxd5 19. Qxd5+ Qxd5
20. Rxd5 f4 21. exf4 Rxf4 22. Nh3 Rg4+ 23. Kf1 Re7 24. Rd2 Kf7 25. Re1 Rxe1+
26. Kxe1 Rg2 27. Rd7+ Ke6 28. Rxa7 Rxh2 29. Ng5+ Kf5 30. Rxg7 Bxf2+ 31. Kf1 Bd4
32. Rxh7 Rf2+ 33. Ke1 Kxg5 34. c3 Be3 35. Re7 Bc5 36. b4 Bxe7 {0-1 Clipperton,
B-Armstrong,D, London,Canada 1995}) 7. e3 Nh5 8. Ne5 Nxf4 9. gxf4 Be7 10. Qg4
Bf6 11. O-O-O Nd7 12. Rhe1 a5 13. e4 cxd4 14. Nb5 Nxe5 15. fxe5 Bxe5 16. f4 h5
17. Qg3 Bf6 18. e5 Be7 19. Qxg7 Rf8 20. Nxd4 Qc7 21. Re3 Qc4 22. Kb1 a4 23. Bf1
Qb4 24. Bb5+ Kd8 25. a3 Qa5 26. Rc3 Rc8 27. Rxc8+ Kxc8 28. f5 exf5 29. Nxf5
Bxa3 30. Nd6+ Bxd6 31. exd6 Rd8 32. Qxf7 Rxd6 33. Bd3 Qb4 34. Qf8+ Kc7 35. Rg1
Bc6 36. Rg8 Qe1+ 37. Ka2 Qe8 38. Qxe8 Bxe8 39. Rxe8 Rh6 40. Ra8 Kc6 41. Rxa4
Kc5 42. Ra7 b5 43. Rb7 b4 44. Rb5+ Kc6 45. Rxb4 1-0

[Event "SU Annen (ch)"]
[Site "?"]
[Date "2024.11.15"]
[Round "6"]
[White "Reichard, Sven"]
[Black "Solomov, Christian"]
[Result "1-0"]
[WhiteElo "1427"]
[BlackElo "1408"]
[PlyCount "68"]
[EventDate "2024.08.30"]
[EventType "swiss"]
[EventRounds "7"]
[EventCountry "GER"]
[SourceDate "2024.01.12"]

1. e4 c5 2. c3 d5 3. exd5 Qxd5 4. d4 Nc6 5. dxc5 Qxd1+ 6. Kxd1 e5 7. Be3 Nf6 8.
Nf3 Ng4 9. b4 Nxe3+ 10. fxe3 Bg4 {#} 11. h3 (11. Kc2 O-O-O 12. Bb5 f6 13. Bxc6
bxc6 14. Na3 Bf5+ 15. Kb2 Be7 16. Rad1 Be4 17. Nc4 Kc7 18. Kc1 g5 19. Rxd8 Rxd8
20. Rd1 Rg8 21. Nd6 Bxd6 22. Rxd6 Rf8 23. Kd2 h5 24. Ke2 h4 25. Kf2 Bd5 26. a4
Rf7 27. Nd2 f5 28. c4 Be4 29. b5 Bc2 30. Rxc6+ Kb7 31. a5 {1-0 Vlassov,N (2352)
-Sergienko,S (2335), chess.com 2020}) 11... Bh5 12. g4 Bg6 13. Bb5 Be4 14. Rf1
Rd8+ 15. Kc1 f6 16. Nbd2 Bd5 17. e4 Be6 18. Kb2 h5 19. gxh5 Bxh3 20. Rh1 Rxh5
21. Rag1 g5 22. Kc2 g4 23. Ne1 Bh6 24. Nb1 Bf4 25. Bf1 Be3 26. Rg3 Bf2 27.
Rgxh3 gxh3 28. Nf3 Ke7 29. Rh2 Bg3 30. Rxh3 Rxh3 31. Bxh3 Rh8 32. Bf5 Rh1 33.
Nbd2 Bf4 34. Nc4 Rf1 1-0

[Event "SU Annen (ch)"]
[Site "?"]
[Date "2024.11.22"]
[Round "7"]
[White "Stergar, Lothar"]
[Black "Krug, Christopher"]
[Result "1-0"]
[WhiteElo "1515"]
[BlackElo "1537"]
[PlyCount "69"]
[EventDate "2024.08.30"]
[EventType "swiss"]
[EventRounds "7"]
[EventCountry "GER"]
[SourceDate "2024.01.12"]

1. e4 c6 2. d4 d5 3. Nd2 Qa5 4. c3 dxe4 5. Nxe4 Bf5 {#} 6. Bd3 (6. Ng3 Bg6 7.
h4 (7. Bd3 e6 8. h4 (8. Nf3 Nd7 9. Bxg6 hxg6 10. Qe2 Be7 11. O-O Nh6 12. Bxh6
Rxh6 13. Rfe1 Qc7 14. Ne5 Nxe5 15. Qxe5 Qxe5 16. Rxe5 Bd6 17. Re4 Ke7 18. Nf1
Bxh2+ 19. Nxh2 Rah8 20. Rae1 Rxh2 21. g3 Rh1+ 22. Kg2 Rxe1 23. Rxe1 Rh5 24. Re2
c5 25. dxc5 Rxc5 26. Re4 Rd5 27. Kf3 Kd6 28. Rb4 b6 29. Ke2 g5 30. Rc4 f5 31.
Rc8 Re5+ 32. Kd3 Re1 33. Rc4 Rb1 34. Rb4 g4 35. Ke2 g5 36. a4 Kc5 37. Rb5+ Kc6
38. Rb4 Ra1 39. Rc4+ Kd5 40. Rd4+ Ke5 41. Rb4 Kf6 42. Rc4 Ra2 43. Rb4 e5 44.
Kd3 Ra1 45. Rc4 f4 46. Rc8 Rxa4 47. Rf8+ Ke7 48. Rg8 e4+ 49. Ke2 Ra2 50. gxf4
gxf4 51. Rxg4 Rxb2+ 52. Ke1 Rc2 53. Rxf4 Rxc3 54. Rxe4+ Kd6 55. Kd2 Rc8 56. Kd3
b5 57. Rd4+ Kc5 58. Kc3 Rf8 59. f4 a5 60. Re4 Rf5 61. Rd4 b4+ 62. Kd3 Rd5 {0-1
Winslov,M-Rewitz,P (2325), Danmark 1995}) 8... Qb6 9. b3 c5 10. Bxg6 hxg6 11.
d5 exd5 12. Qxd5 Nf6 13. Qe5+ Be7 14. Nf3 Nc6 15. Qe2 O-O-O 16. O-O Nd5 17. Qc2
Bxh4 18. Nxh4 Rxh4 19. Bg5 Rh7 20. Bxd8 Qxd8 21. Rfd1 Qg5 22. Qd2 Nf4 23. Qd7+
Kb8 24. Qe8+ Kc7 25. Rd7+ Kb6 26. Qc8 Qh4 27. Qc7+ Ka6 28. Qxb7+ Ka5 29. b4+
cxb4 30. cxb4+ Nxb4 31. Qc7+ Kb5 32. a4+ {1-0 Botelho,C-Neto,D, Lisboa 2002}) (
7. Nf3 Nd7 8. Bd3 (8. Bc4 e6 9. Bf4 Ngf6 10. O-O Nd5 11. Bd2 Qc7 12. Re1 Bd6
13. Ne4 Bxe4 14. Rxe4 O-O-O 15. Bf1 c5 16. b4 c4 17. a4 Kb8 18. Qc2 Rc8 19. g3
h5 {1/2-1/2 Obad,A (2201)-Burovic,I (2324), Tuzla 2015}) 8... Bxd3 (8... O-O-O
9. b4 Qc7 10. O-O e5 11. Bxg6 hxg6 12. Qb3 f6 13. a4 Ne7 14. Re1 exd4 15. Nxd4
Qd6 16. Ne6 Re8 17. Bf4 Ne5 18. Rad1 Nd5 19. Nxf8 Rhxf8 20. Be3 Qb8 21. Bc5 Rh8
22. c4 b6 23. cxd5 bxc5 24. f4 c4 25. Qc3 Qb6+ 26. Rd4 Ng4 27. Rxe8+ Rxe8 28.
a5 Qb5 29. h3 Ne3 30. d6 Kd7 31. Ne4 Nd5 32. Qxc4 Qxc4 33. Rxc4 f5 34. Nc5+
Kxd6 35. Kf2 Rb8 36. Nd3 Rb7 37. g3 Nf6 38. Ne5 Ne4+ 39. Kg2 Kd5 40. g4 g5 41.
Rc2 gxf4 42. Nxc6 fxg4 43. hxg4 g5 44. a6 Rb6 45. b5 Rxb5 46. Nxa7 Nc5 47. Nxb5
Nxa6 48. Nc7+ Nxc7 49. Rxc7 {1-0 Kostolansky,S (1711)-Zicho,A (1672), Banska
Stiavnica 2015}) 9. Qxd3 e5 10. O-O exd4 11. Re1+ Be7 12. Nxd4 Ne5 13. Qe4 Ng6
14. Nxc6 Qc7 15. Nxe7 N8xe7 16. Nf5 Rg8 17. Bf4 Qd7 18. Bd6 O-O-O 19. Nxe7+
Nxe7 20. Bxe7 Rge8 21. Qc4+ Kb8 22. Bxd8 Rxd8 23. Qe2 a6 24. Rad1 Qc7 25. Rxd8+
Qxd8 26. Qe8 Kc7 27. Re7+ Kc8 28. Qxd8+ Kxd8 29. Rxf7 {1-0 Speckmann,I-Langer,
T, BRD 1994}) 7... e5 (7... h5 8. Nh3 Nf6 9. Nf4 Bf5 10. b4 Bg4 11. bxa5 Bxd1
12. Kxd1 Nbd7 13. Be2 g6 14. Bf3 e5 15. Nfe2 Bd6 16. a6 b6 17. Bxc6 Rc8 18. d5
O-O 19. Bg5 Kg7 20. f3 Nc5 21. Bxf6+ Kxf6 22. Ne4+ Nxe4 23. fxe4 Kg7 24. c4 Rc7
25. Nc3 Bc5 26. Nb5 Re7 27. Ke2 f5 28. Rhf1 Rf6 29. Bb7 f4 30. Nxa7 g5 31. Nc6
Re8 32. a7 g4 33. a8=Q Ref8 34. Qxf8+ {1-0 Clausen,M-Pedersen,T, Kobenhavn 1999
}) (7... h6 8. h5 Bh7 9. Nf3 Nd7 10. Bd3 Bxd3 11. Qxd3 Ngf6 12. Bd2 e6 13. c4
Bb4 14. a3 Bxd2+ 15. Qxd2 Qxd2+ 16. Kxd2 O-O-O 17. Kc3 c5 18. Rh4 cxd4+ 19.
Nxd4 Kb8 20. b4 Rc8 21. Nb5 Rc6 22. Rd1 Rd8 23. Kb3 a6 24. Nd6 Kc7 25. Rhd4 Ng4
26. Nxf7 Nxf2 27. R1d2 Rb6 28. Nxd8 {1-0 Aketayeva,D (2127)-Pasku,R, Bled 2002}
) 8. h5 exd4 9. hxg6 fxg6 {1-0 Beracz,P-Azimi,R, Köln 1993}) (6. Nc5 Nd7 7. Qf3
e6 8. Nxd7 Kxd7 9. Qg3 Ne7 10. Nf3 Ng6 11. Ne5+ Nxe5 12. dxe5 Rd8 13. Bg5 Re8
14. Be2 Kc8 15. O-O h6 16. Be3 g5 17. b4 Qa3 18. Bc1 Qa4 19. Bh5 Rd8 20. Be3
Rd3 21. Rfc1 Qa3 22. Bxf7 Rxc3 23. b5 Bg7 24. bxc6 b6 25. c7 Qb2 26. Qf3 Bxe5
27. Rxc3 Bxc3 28. Rc1 Kd7 29. g4 Bc2 30. Qb7 {1-0 Emms,J (2500)-Rewitz,P (2305)
, Esbjerg 1996}) 6... Bxe4 7. Bxe4 Nf6 8. Bf3 e6 9. Ne2 Be7 10. O-O Nbd7 11.
Nf4 h6 12. Re1 O-O-O 13. Bd2 Nf8 14. Nd3 Qc7 15. Ne5 Bd6 16. Qa4 Bxe5 17. Rxe5
N8d7 18. Re2 a6 19. g3 g5 20. b4 e5 21. Qb3 exd4 22. cxd4 Nb6 23. Be3 Nbd5 24.
a4 Nxe3 25. fxe3 g4 26. Bg2 Kb8 27. b5 cxb5 28. axb5 Qb6 29. Qxf7 Qxb5 30. Ree1
Rhf8 31. Qa2 Nd5 32. Reb1 Nc3 33. Rxb5 Nxa2 34. Rxb7+ Kc8 35. Rxa2 1-0

[Event "SU Annen (ch)"]
[Site "?"]
[Date "2024.11.22"]
[Round "7"]
[White "Reichard, Sven"]
[Black "Saage, Armin"]
[Result "0-1"]
[WhiteElo "1427"]
[BlackElo "1321"]
[PlyCount "72"]
[EventDate "2024.08.30"]
[EventType "swiss"]
[EventRounds "7"]
[EventCountry "GER"]
[SourceDate "2024.01.12"]

1. e4 b6 2. d4 Bb7 3. Bd3 e6 4. Nf3 h6 5. O-O d5 6. e5 c5 7. c3 cxd4 8. cxd4
Ne7 9. Nc3 a6 {#} 10. Be3 (10. Qe2 g5 11. h3 Nd7 12. Nh2 Nc6 13. Be3 Be7 14.
Qh5 Qc7 15. Rac1 O-O-O 16. Qxf7 Kb8 17. Qxe6 Ndxe5 18. dxe5 Bc8 19. Nxd5 Bxe6
20. Nxc7 Kxc7 21. Bxa6 Bc5 22. Bb5 Bd5 23. Bxc5 bxc5 24. Rxc5 Kb6 25. Rfc1 Nd4
26. a4 Rh7 27. Ng4 Nb3 28. Rxd5 Rxd5 29. Rc6+ Kb7 30. Rc3 Rd1+ 31. Kh2 Nd4 32.
Bc4 h5 33. Nf6 Re7 34. e6 Re1 35. Bd5+ Ka7 36. Nxh5 Nxe6 37. Rc8 Nc7 38. Bc4
Ne8 39. b3 Nd6 40. Rc5 Ne4 41. Ra5+ Kb8 42. f3 Nd2 43. Rxg5 Nxc4 44. bxc4 Rc1
45. c5 Ra1 46. Rg8+ Kc7 47. Rg7 Rxg7 48. Nxg7 Rxa4 49. Ne6+ Kc6 50. Ng5 Kxc5
51. Ne4+ Kc6 52. Kg3 Ra8 53. h4 Kd5 54. Kf4 Rf8+ 55. Ke3 Ke5 56. g4 Ra8 57. h5
Ra3+ 58. Kf2 Kf4 59. Nd2 Rd3 60. Ke2 Re3+ 61. Kf2 Rd3 62. Ke2 Re3+ 63. Kd1 Rd3
64. Kc2 Rd7 65. Kc3 Rc7+ 66. Kd3 Rd7+ 67. Kc3 Rc7+ 68. Kd3 Rd7+ 69. Ke2 Re7+
70. Kf2 Rd7 71. Nc4 Rd4 72. Na3 Rd3 73. Nc4 Rxf3+ 74. Kg2 Rg3+ 75. Kh2 Rxg4 76.
Kh3 Kg5 77. Ne5 Rh4+ 78. Kg3 Rxh5 79. Nf3+ Kf5 80. Nh4+ Ke4 81. Kg4 Rh8 82. Kg3
Rg8+ 83. Kf2 Rf8+ 84. Kg3 Rf6 85. Kg4 Rf1 86. Kg3 Ra1 87. Kf2 Rh1 88. Ng2 Rh3
89. Ne1 Rh8 90. Ng2 Rg8 91. Ne3 Rf8+ 92. Ke2 Ra8 93. Nc4 Ra2+ 94. Kd1 Kd4 95.
Nd2 Kd3 96. Nb3 Rb2 97. Nc5+ Kc4 98. Ne4 Kd4 {0-1 Coward,N (1626)-Brougham,M 
(1841), Hastings 2024}) 10... Nec6 11. a3 Nd7 12. Rc1 Rc8 13. Qe2 b5 14. Nd2 b4
15. axb4 Nxb4 16. Nb3 Nxd3 17. Qxd3 Bb4 18. Na4 O-O 19. Nbc5 Nxc5 20. Nxc5 Bxc5
21. dxc5 Rc6 22. b4 Qc7 23. Qa3 Qxe5 24. Rfd1 Qf5 25. Qa5 e5 26. Rxd5 Rg6 27.
Rd8 Rxg2+ 28. Kf1 Rxd8 29. Qxd8+ Kh7 30. c6 Bxc6 31. Rxc6 Qf3 32. Rc1 Rxh2 33.
Ke1 f5 34. Qd6 f4 35. Bc5 e4 36. Qd5 Rh1+ 0-1

[Event "SU Annen (ch)"]
[Site "?"]
[Date "2024.11.22"]
[Round "7"]
[White "Solomov, Christian"]
[Black "Zimmermann, Kolya"]
[Result "1-0"]
[WhiteElo "1408"]
[BlackElo "1350"]
[PlyCount "50"]
[EventDate "2024.08.30"]
[EventType "swiss"]
[EventRounds "7"]
[EventCountry "GER"]
[SourceDate "2024.01.12"]

1. e4 d6 2. Nf3 Nf6 3. Nc3 Nbd7 4. d4 e5 5. dxe5 dxe5 6. a3 Be7 7. Bc4 h6 8.
O-O c6 {#} 9. Nh4 (9. b4) (9. Be3) (9. h3) (9. Qe2 {- C 41/12}) 9... g6 10. f4
Qc7 11. fxe5 Qxe5 12. Be3 Bd6 13. Nf3 Qe7 14. e5 Nxe5 15. Nxe5 Qxe5 16. Bf4
Qc5+ 17. Kh1 Bxf4 18. Rxf4 Bf5 19. g4 Nxg4 20. Rxg4 Bxg4 21. Qxg4 Qf2 22. Qe4+
Kf8 23. Rf1 Qxf1+ 24. Bxf1 Kg7 25. Qe5+ Kh7 1-0